000 00306nam a2200133Ia 4500
005 20251222144729.0
008 251222s9999||||xx |||||||||||||| ||spa||
020 _a958-607-846-9
082 _a269.1/G65
100 _aDe Calcuta, Teresa
245 0 _aMis Oraciones:
264 _bSan Pablo
942 _cLIB
999 _c18499
_d18499